000 00854nam a2200229Ia 4500
003 OSt
005 20260415115117.0
008 220923b |||||||| |||| 00| 0 eng d
037 _cGeneral Book
040 _aRTL
_cRTL
_beng
041 _2eng
_aeng
084 _aX:9 , K4
_qRTL
100 _aFrench Wendell
245 0 _aPersonnel management process : Human resources administration
260 _aNew York
_bHoughton Mifflin U. S. A.
_c1964
300 _axiii , 624 p. Appendix p.589-600 p. Author Index : 601-612 p. Subject Index : 613-624 p.
_bIncludes bibliographical references and index
500 _a Appendix p.589-600 p. Author Index : 601-612 p. Subject Index : 613-624 p.
650 _a Personnel Management
_929105
650 _aLabour Economics
_921364
942 _hX:9 , K4
_cGB
_2CC
999 _c625914
_d625914